[Event "WYCC 2018 O14"]
[Site "Halkidiki"]
[Date "2018.10.23"]
[Round "5"]
[White "Manucharyan, Gagik"]
[Black "Karadzhov, Ivan"]
[Result "1-0"]
[WhiteElo "1827"]
[BlackElo "2040"]
[Annotator "NA"]
[PlyCount "111"]
[EventDate "2018.10.20"]
[EventType "swiss"]
[EventCountry "GRE"]
[SourceTitle "playchess.com"]
[Source "ChessBase"]
[SourceQuality "1"]
[TimeControl "40/5400+30:1800+30"]

1. d4 {[%emt 0:00:00]} d5 {[%emt 0:00:00]} 2. c4 {[%emt 0:00:00]} c6 {[%emt 0:00:00]} 3. Nf3 {[%emt 0:00:08]} Nf6 {[%emt 0:00:32]} 4. e3 {[%emt 0:00:23]} g6 {[%emt 0:08:08]} 5. Nc3 {[%emt 0:02:31]} Bg7 {[%emt 0:02:09]} 6. Bd3 {[%emt 0:03:01]} O-O {[%emt 0:01:17]} 7. O-O {[%emt 0:01:30]} Bg4 {[%emt 0:14:21]} 8. h3 {[%emt 0:02:07]} Bxf3 {[%emt 0:00:29]} 9. Qxf3 {[%emt 0:00:04]} dxc4 {[%emt 0:03:51]} 10. Bxc4 {[%emt 0:00:09]} Nbd7 {[%emt 0:01:06]} 11. Rd1 $14 {[%emt 0:02:08] LiveBook: 357 Games} e5 {[%emt 0:14:03]} 12. d5 {[%emt 0:13:41]} cxd5 {[%emt 0:03:13]} 13. Bxd5 {[%emt 0:01:07]} Qe7 {[%emt 0:06:01]} 14. Bxb7 {[%emt 0:11:41]} Rab8 {[%emt 0:01:33]} 15. Bd5 {[%emt 0:03:47]} Nc5 {[%emt 0:10:58]} 16. e4 {[%emt 0:03:22]} Nxd5 {[%emt 0:07:09]} 17. Nxd5 {[%emt 0:01:03]} Qh4 {[%emt 0:00:41]} 18. Be3 {[%emt 0:13:21]} Ne6 {[%emt 0:03:43]} 19. b3 {[%emt 0:02:22]} Nd4 {[%emt 0:00:44]} 20. Qg4 {[%emt 0:00:36]} Qxg4 {[%emt 0:01:33]} 21. hxg4 {[%emt 0:00:13]} Rb7 {[%emt 0:03:46]} 22. Kf1 {[%emt 0:07:53]} f5 {[%emt 0:03:27]} 23. gxf5 {[%emt 0:07:22]} gxf5 {[%emt 0:00:09]} 24. exf5 {[%emt 0:00:19]} Rxf5 {[%emt 0:04:23]} 25. Rac1 {[%emt 0:00:50]} h5 {[%emt 0:01:59]} 26. Nc3 {[%emt 0:03:36]} Rf8 {[%emt 0:04:36]} 27. Ne4 {[%emt 0:00:37]} Rb6 {[%emt 0:01:52]} 28. Rc7 {[%emt 0:01:52]} Ra6 {[%emt 0:00:53]} 29. a4 {[%emt 0:01:44]} Rf7 {[%emt 0:01:04]} 30. Rc8+ {[%emt 0:04:38]} Rf8 {[%emt 0:00:14]} 31. Rxf8+ {[%emt 0:02:44]} Kxf8 {[%emt 0:00:08]} 32. Nc5 {[%emt 0:00:39]} Rd6 {[%emt 0:01:03]} 33. b4 {[%emt 0:01:02]} Kf7 {[%emt 0:00:38]} 34. b5 {[%emt 0:01:07]} Nf5 {[%emt 0:00:45]} 35. Rxd6 {[%emt 0:02:04]} Nxd6 {[%emt 0:00:04]} 36. Na6 {[%emt 0:02:10]} Nc8 {[%emt 0:00:18]} 37. Nb4 {[%emt 0:00:28]} Ke6 {[%emt 0:01:05]} 38. Bxa7 {[%emt 0:02:19]} Bf8 {[%emt 0:00:33]} 39. Nc6 {[%emt 0:00:05]} Kd6 {[%emt 0:00:28]} 40. Be3 {[%emt 0:00:00]} e4 {[%emt 0:00:00]} 41. a5 {[%emt 0:04:40]} Kc7 {[%emt 0:01:45]} 42. a6 {[%emt 0:03:52]} Bd6 {[%emt 0:05:33]} 43. a7 {[%emt 0:01:02]} Kb7 {[%emt 0:00:51]} 44. Nd8+ {[%emt 0:00:06]} Ka8 {[%emt 0:00:22]} 45. b6 {[%emt 0:00:03]} Nxb6 {[%emt 0:00:50]} 46. Bxb6 {[%emt 0:00:07]} Be5 {[%emt 0:00:29]} 47. Ne6 {[%emt 0:00:46]} Bd6 {[%emt 0:00:23]} 48. Nc7+ {[%emt 0:00:17]} Bxc7 {[%emt 0:00:05]} 49. Bxc7 {[%emt 0:00:03]} Kxa7 {[%emt 0:00:04]} 50. Ke2 {[%emt 0:00:04]} Kb7 {[%emt 0:00:15]} 51. Be5 {[%emt 0:00:29]} Kc6 {[%emt 0:00:05]} 52. Ke3 {[%emt 0:00:03]} Kd5 {[%emt 0:00:05]} 53. Bd4 {[%emt 0:00:05]} h4 {[%emt 0:00:09]} 54. Bf6 {[%emt 0:00:03]} Ke6 {[%emt 0:00:05]} 55. Bxh4 {[%emt 0:00:05]} Kf5 {[%emt 0:00:08]} 56. Bg3 {[%emt 0:00:09]} 1-0

[Event "WYCC 2018 O14"]
[Site "Halkidiki"]
[Date "2018.10.23"]
[Round "5"]
[White "Vujovic, Savo"]
[Black "Kasioumis, Vasilios"]
[Result "1-0"]
[WhiteElo "1781"]
[BlackElo "2038"]
[Annotator "NA"]
[PlyCount "81"]
[EventDate "2018.10.20"]
[EventType "swiss"]
[EventCountry "GRE"]
[SourceTitle "playchess.com"]
[Source "ChessBase"]
[SourceQuality "1"]
[TimeControl "40/5400+30:1800+30"]

1. e4 {[%emt 0:00:00]} c5 {[%emt 0:00:00]} 2. Nf3 {[%emt 0:00:00]} e6 {[%emt 0:00:00]} 3. d4 {[%emt 0:00:00]} cxd4 {[%emt 0:00:00]} 4. Nxd4 {[%emt 0:00:00]} Nc6 {[%emt 0:00:00]} 5. Nc3 {[%emt 0:00:00]} Qc7 {[%emt 0:00:00]} 6. Be3 {[%emt 0:00:00]} a6 {[%emt 0:00:02]} 7. Qf3 {[%emt 0:00:00]} Nf6 {[%emt 0:00:33]} 8. O-O-O {[%emt 0:00:06]} d6 {[%emt 0:00:42]} 9. Qg3 {[%emt 0:00:55]} Nxd4 {[%emt 0:00:49]} 10. Bxd4 {[%emt 0:00:15]} e5 {[%emt 0:00:07]} 11. Be3 {[%emt 0:00:12]} b5 {[%emt 0:04:43]} 12. f4 {[%emt 0:00:27]} b4 {[%emt 0:06:49]} 13. Nd5 {[%emt 0:00:24]} Nxd5 {[%emt 0:00:59]} 14. exd5 {[%emt 0:02:34]} Bf5 {[%emt 0:11:27]} 15. Bd3 {[%emt 0:03:19]} e4 {[%emt 0:05:20]} 16. Be2 {[%emt 0:00:19]} Rc8 {[%emt 0:07:09]} 17. Rd2 {[%emt 0:00:25]} Qa5 {[%emt 0:20:39]} 18. Kb1 {[%emt 0:02:54]} h5 {[%emt 0:00:46]} 19. Qf2 {[%emt 0:26:48]} Be7 {[%emt 0:07:09]} 20. Bb6 {[%emt 0:11:35]} Qa4 {[%emt 0:00:09]} 21. b3 {[%emt 0:01:43]} Qa3 {[%emt 0:00:08]} 22. Bd4 {[%emt 0:01:06]} Rc3 {[%emt 0:03:19]} 23. Bc4 {[%emt 0:10:07]} e3 {[%emt 0:07:46]} 24. Bxe3 {[%emt 0:03:48]} Rxc4 {[%emt 0:02:23]} 25. bxc4 {[%emt 0:00:20]} b3 {[%emt 0:00:13]} 26. Bd4 {[%emt 0:01:18]} bxc2+ {[%emt 0:11:24]} 27. Rxc2 {[%emt 0:00:08]} O-O {[%emt 0:00:06]} 28. Ka1 {[%emt 0:01:02]} Bxc2 {[%emt 0:02:19]} 29. Qxc2 {[%emt 0:02:04]} Rc8 {[%emt 0:01:40]} 30. Rc1 {[%emt 0:03:11]} f6 {[%emt 0:00:17]} 31. Bb2 {[%emt 0:02:03]} Qe3 {[%emt 0:02:52]} 32. Qf5 {[%emt 0:03:34]} Rc7 {[%emt 0:00:03]} 33. Qxh5 {[%emt 0:02:24]} Qxf4 {[%emt 0:00:05]} 34. Qe8+ {[%emt 0:02:19]} Bf8 {[%emt 0:00:52]} 35. Qe6+ {[%emt 0:00:13]} Kh8 {[%emt 0:00:28]} 36. Rc3 {[%emt 0:00:38]} g5 {[%emt 0:00:54]} 37. Rh3+ {[%emt 0:00:08]} Kg7 {[%emt 0:00:32]} 38. Rf3 {[%emt 0:00:34]} Re7 {[%emt 0:00:53]} 39. Bxf6+ {[%emt 0:01:23]} Kh7 {[%emt 0:00:10]} 40. Rxf4 {[%emt 0:00:00]} Rxe6 {[%emt 0:00:00]} 41. dxe6 {[%emt 0:00:17]} 1-0

[Event "WYCC 2018 O14"]
[Site "Halkidiki"]
[Date "2018.10.23"]
[Round "5"]
[White "Dabarera, G W D M"]
[Black "Patrelakis, Evaggelos"]
[Result "1/2-1/2"]
[WhiteElo "1768"]
[BlackElo "2146"]
[Annotator "NA"]
[PlyCount "110"]
[EventDate "2018.10.20"]
[EventType "swiss"]
[EventCountry "GRE"]
[SourceTitle "playchess.com"]
[Source "ChessBase"]
[SourceQuality "1"]
[TimeControl "40/5400+30:1800+30"]

1. e4 {[%emt 0:00:00]} c5 {[%emt 0:00:00]} 2. c3 {[%emt 0:00:00]} d5 {[%emt 0:00:00]} 3. exd5 {[%emt 0:00:00]} Qxd5 {[%emt 0:00:00]} 4. d4 {[%emt 0:00:00]} Nf6 {[%emt 0:00:01]} 5. Nf3 {[%emt 0:00:00]} e6 {[%emt 0:00:10]} 6. Na3 {[%emt 0:03:14]} Be7 {[%emt 0:16:38]} 7. Nc2 {[%emt 0:15:20]} O-O {[%emt 0:02:56]} 8. Bd3 {[%emt 0:03:03]} Rd8 {[%emt 0:03:13]} 9. O-O {[%emt 0:02:21]} Nc6 {[%emt 0:01:41]} 10. Qe2 {[%emt 0:01:02]} cxd4 {[%emt 0:03:15]} 11. cxd4 {[%emt 0:01:24]} a6 {[%emt 0:13:27]} 12. Rd1 {[%emt 0:05:16]} Qh5 {[%emt 0:06:44]} 13. Ne5 {[%emt 0:22:36]} Qxe2 {[%emt 0:04:13]} 14. Bxe2 {[%emt 0:00:04]} Bd7 {[%emt 0:11:32]} 15. Bf3 {[%emt 0:02:32]} Rac8 {[%emt 0:02:39]} 16. Ne3 {[%emt 0:01:33]} Be8 {[%emt 0:02:07]} 17. Nxc6 {[%emt 0:01:54]} Bxc6 {[%emt 0:00:22]} 18. Bxc6 {[%emt 0:00:42]} Rxc6 {[%emt 0:00:02]} 19. b3 {[%emt 0:00:15]} Nd5 {[%emt 0:05:02]} 20. Nxd5 {[%emt 0:01:58]} Rxd5 {[%emt 0:00:16]} 21. Be3 {[%emt 0:00:10]} Ba3 {[%emt 0:04:49]} 22. Rd2 {[%emt 0:02:39]} h6 {[%emt 0:00:37]} 23. Rad1 {[%emt 0:01:00]} Rc7 {[%emt 0:02:15]} 24. g3 {[%emt 0:03:01]} Bb4 {[%emt 0:01:26]} 25. Rd3 {[%emt 0:01:41]} Rcd7 {[%emt 0:02:24]} 26. f4 {[%emt 0:09:33]} f6 {[%emt 0:00:34]} 27. Kf2 {[%emt 0:00:28]} Kf7 {[%emt 0:04:02]} 28. Ke2 {[%emt 0:02:29]} Rh5 {[%emt 0:01:37]} 29. h4 {[%emt 0:01:27]} Ra5 {[%emt 0:01:16]} 30. a4 {[%emt 0:00:22]} Rad5 {[%emt 0:01:43]} 31. g4 {[%emt 0:01:51]} h5 {[%emt 0:00:23]} 32. g5 {[%emt 0:00:24]} Rc7 {[%emt 0:01:51]} 33. Rc1 {[%emt 0:00:58]} Rxc1 {[%emt 0:00:43]} 34. Bxc1 {[%emt 0:00:02]} Kg6 {[%emt 0:00:17]} 35. Re3 {[%emt 0:07:46]} Kf5 {[%emt 0:00:41]} 36. Kd3 {[%emt 0:00:18]} Rd6 {[%emt 0:01:08]} 37. Re4 {[%emt 0:05:41]} Rc6 {[%emt 0:03:24]} 38. Bb2 {[%emt 0:00:09]} a5 {[%emt 0:00:07]} 39. Re2 {[%emt 0:01:25]} Kxf4 {[%emt 0:00:11]} 40. gxf6 {[%emt 0:00:00]} gxf6 {[%emt 0:00:00]} 41. Rf2+ {[%emt 0:00:14]} Kg3 {[%emt 0:02:53]} 42. Rxf6 {[%emt 0:00:11]} Kxh4 {[%emt 0:00:20]} 43. Rf7 {[%emt 0:01:51]} b6 {[%emt 0:00:57]} 44. Rg7 {[%emt 0:02:56]} Kh3 {[%emt 0:01:35]} 45. Rg1 {[%emt 0:00:49]} h4 {[%emt 0:01:08]} 46. Rg6 {[%emt 0:00:07]} Rd6 {[%emt 0:02:07]} 47. Ke4 {[%emt 0:00:20]} Be1 {[%emt 0:01:29]} 48. Bc1 {[%emt 0:18:14]} Bg3 {[%emt 0:07:34]} 49. Be3 {[%emt 0:00:21]} Kh2 {[%emt 0:07:38]} 50. Kf3 {[%emt 0:00:43]} Kh1 {[%emt 0:04:06]} 51. Rh6 {[%emt 0:01:07]} Kh2 {[%emt 0:02:01]} 52. Bf4 {[%emt 0:01:12]} Bxf4 {[%emt 0:02:16]} 53. Rxh4+ Kg1 54. Rxf4 Rc6 55. Ke4 Kg2 1/2-1/2

[Event "WYCC 2018 O14"]
[Site "Halkidiki"]
[Date "2018.10.24"]
[Round "6"]
[White "Bjerre, Jonas Buhl"]
[Black "Srihari L R"]
[Result "1-0"]
[WhiteElo "2438"]
[BlackElo "2170"]
[Annotator "TA"]
[PlyCount "101"]
[EventDate "2018.10.20"]
[EventType "swiss"]
[EventCountry "GRE"]
[SourceTitle "playchess.com"]
[Source "ChessBase"]
[SourceQuality "1"]

{[%evp 11,101,48,46,33,33,40,53,41,39,48,40,47,37,42,42,42,37,35,46,31,52,43,50,44,62,0,31,0,0,0,0,0,0,-15,0,0,0,-25,0,-10,0,0,0,0,8,-9,0,-69,-28,-30,-41,-125,-10,-94,-103,-110,-27,-21,0,-153,0,0,0,-15,94,95,308,289,285,104,372,370,537,537,522,513,1033,445,1021,1006,2827,1217,1162,1117,1416,1364,1630,1447,1207,707,788,782]} 1. e4 g6 2. d4 Bg7 3. Nc3 d6 4. Be3 a6 5. Qd2 Nd7 6. h4 h5 7. Nh3 {[%cal Bg1h3,Bh3g5,Bg5e6][%mdl 32] B06: Modern Defence} b5 (7... c5 8. O-O-O cxd4 9. Bxd4 Ngf6 10. Ng5 b5 11. f3 Bb7 12. Kb1 Rc8 13. Be2 Nb6 14. Rhe1 Nc4 15. Bxc4 Rxc4 16. Bxf6 exf6 {½-½ (70) Movsesian,S (2647)-Adhiban,B (2655) Riadh 2017}) 8. Ng5 Bb7 9. a4 {White is slightly better.} b4 10. Bc4 e6 11. Ne2 Ngf6 {[#]} 12. Bxe6 $1 {[%mdl 512]} fxe6 13. Nxe6 Qe7 14. Nxc7+ Kf7 15. Nxa8 {Nc7 is the strong threat.} ({But not} 15. Qxb4 Rab8 $15) 15... Qxe4 $146 ({Predecessor:} 15... Nxe4 16. Qxb4 Bxa8 {1-0 (28) Fluvia Poyatos,J (2499)-Movsziszian,K (2475) Catalunya 2013}) 16. f3 Qc6 17. O-O Bxa8 18. Rfc1 (18. Rfe1 $14) 18... Re8 19. c4 d5 20. cxd5 Qxd5 {Strongly threatening ...Qe6.} 21. Nf4 Qd6 {White must now prevent ...Bh6.} 22. Re1 Nd5 23. Nxd5 Bxd5 24. Bg5 Be6 25. Rad1 Nb6 26. Bf4 $1 {[%cal Rf4d6]} Qd8 27. Be5 Nd5 28. Re2 Bf8 29. Rde1 (29. g4 $11) 29... Qxh4 $15 30. Re4 Qd8 31. Bg3 (31. g4 $1 $15) 31... Bg7 ({Better is} 31... Qd7 $17 32. Qd3 Qc6) 32. Qe2 (32. Be5 $1 $11 Bd7 33. Bxg7 Kxg7 34. Rxe8 Bxe8 35. Re6) 32... Qc8 33. Qd2 Qd7 ({Black should try} 33... Bf8 $17) 34. Be5 $1 $11 ({Reject} 34. Qg5 Nf6 $17) 34... Bf8 35. Bg3 $2 (35. g4 $1 $11) 35... Bg7 $2 (35... Qxa4 $17 {And now ...a5 would win.} 36. Qg5 Qd7) 36. Be5 $1 Bxe5 37. Rxe5 Kg7 (37... Qd8 $11 {remains equal.}) 38. Qe2 $1 $16 {[%mdl 1024] White has strong compensation.} Nf4 $2 (38... Nc7 $16) 39. Qe4 $18 Rf8 {[#]} 40. d5 $2 (40. g3 $1 $18) 40... Qa7+ $2 {[%mdl 8192]} (40... Rf6 $16 {was called for.}) 41. Kf1 Bd7 (41... Nh3 $142 42. gxh3 Bxh3+ 43. Ke2 Qb6) 42. Re7+ {White is clearly winning.} Kh6 43. Qe5 {aiming for Qg7+.} Nd3 (43... Qf2+ $142 44. Kxf2 Nd3+ 45. Kg3 Nxe5 46. R7xe5 Bxa4) 44. Qg7+ Kg5 {[%csl Gd3][%cal Ra7f2]} 45. R1e3 Rc8 {[#]} 46. Rxd3 (46. R3e5+ $142 $1 {[%mdl 512]} Nxe5 47. Qxe5+ Bf5 48. Rxa7) 46... Rc1+ 47. Ke2 Rc2+ 48. Rd2 Qc5 49. Qe5+ Bf5 50. Qe3+ Qxe3+ 51. Kxe3 {Precision: White = 54%, Black = 36%.} 1-0

[Event "WYCC 2018 O14"]
[Site "Halkidiki"]
[Date "2018.10.24"]
[Round "6"]
[White "Raja Rithvik R"]
[Black "Subelj, Jan"]
[Result "1-0"]
[WhiteElo "2421"]
[BlackElo "2281"]
[Annotator "TA"]
[PlyCount "85"]
[EventDate "2018.10.20"]
[EventType "swiss"]
[EventCountry "GRE"]
[SourceTitle "playchess.com"]
[Source "ChessBase"]
[SourceQuality "1"]

{[%evp 15,85,0,41,1,14,14,22,22,16,19,37,22,24,25,41,14,18,26,41,35,71,79,179,165,262,233,354,98,116,118,133,136,132,156,132,118,113,79,91,86,93,95,100,92,96,80,178,202,178,183,169,147,199,188,294,294,294,294,293,293,329,329,387,372,530,539,12839,12839,12840,12840,12841,12841]} 1. d4 Nf6 2. Bg5 d5 3. Bxf6 exf6 4. e3 g6 5. c4 dxc4 6. Bxc4 Bg7 7. Nc3 O-O {D00: 1 d4 d5: Unusual lines} 8. Nge2 Nd7 {LiveBook: 4 Games} 9. Qc2 $146 ({Predecessor:} 9. O-O c5 10. Qb3 f5 11. Rfd1 Qa5 12. Nd5 cxd4 13. Nxd4 Ne5 14. Bb5 Rd8 15. Nf4 {½-½ (31) Rambaldi,F (2547)-Mesaros,F (2379) Porto Carras 2015}) 9... c5 {The position is equal.} 10. dxc5 Nxc5 11. O-O Be6 12. Bxe6 fxe6 13. b4 Na6 $1 14. Qb3 $36 {[%mdl 2048] White is more active.} Qe7 15. Nf4 Nc7 16. Rac1 f5 17. Na4 Rfe8 18. Nc5 a5 {[#]} (18... Bh6 $16) 19. Rfd1 $1 $18 {[%cal Rd1d7] And now Rd7 would win.} Be5 (19... a4 $142 20. Qc2 (20. Nxa4 Bh6 $16) 20... Rec8 21. Nxb7 (21. Rd7 Qe8 $16) 21... Be5) 20. Rd7 (20. Nxb7 Bxf4 21. exf4 axb4 $11) 20... Qf6 (20... a4 {was called for.} 21. Qc2 (21. Rxe7 axb3 22. Rxe8+ Rxe8 $14) 21... Qf6) 21. Rxc7 $2 (21. Nxb7 axb4 22. Qxb4 Bxf4 $16) (21. Ncd3 $18) 21... a4 $16 22. Qc4 b5 23. Nd7 ({Don't play} 23. Qxb5 $6 Bxc7 24. Nfxe6 Bd6 $14) 23... bxc4 24. Nxf6+ Bxf6 25. R7xc4 Rad8 26. g3 e5 27. Ne2 Rd2 28. R1c2 Red8 29. b5 a3 30. Kg2 Kf8 {[#]} (30... Be7 $16) 31. Nd4 $1 $18 {[%cal Rd4e6]} Rxc2 32. Nxc2 {[%mdl 4096] Endgame KRB-KRN} Be7 33. Rc3 Rb8 (33... Ra8 $16 34. b6 Rb8) 34. Nxa3 Bxa3 (34... Kf7 $142 35. h3 Bxa3) 35. Rxa3 Rxb5 {KR-KR} 36. Ra7 Rb2 37. a4 {[%cal Ba2a4,Ba4a5,Ba5a6,Ba6a7][%mdl 32]} ({Less strong is} 37. Rxh7 Rxa2 38. h4 Kg8 $16) 37... Ra2 38. a5 ({Weaker is} 38. Rxh7 Rxa4 39. h4 Kg8 $16) 38... h5 39. a6 Kg8 (39... Ra3 $142 40. Ra8+ Kg7) 40. Kh3 {White is clearly winning.} Rxf2 41. Rb7 g5 42. a7 {[%cal Ra7a8]} Ra2 43. Rb8+ {Precision: White = 71%, Black = 37%.} 1-0

[Event "WYCC 2018 O14"]
[Site "Halkidiki"]
[Date "2018.10.24"]
[Round "6"]
[White "Murzin, Volodar"]
[Black "Egorov, Mikhail"]
[Result "1-0"]
[WhiteElo "2340"]
[BlackElo "2006"]
[Annotator "NA"]
[PlyCount "89"]
[EventDate "2018.10.20"]
[EventType "swiss"]
[EventCountry "GRE"]
[SourceTitle "playchess.com"]
[Source "ChessBase"]
[SourceQuality "1"]
[TimeControl "40/5400+30:1800+30"]

1. e4 {[%emt 0:00:00]} e5 {[%emt 0:00:00]} 2. Nf3 {[%emt 0:00:00]} Nc6 {[%emt 0:00:00]} 3. Bc4 {[%emt 0:02:31]} Bc5 {[%emt 0:00:08]} 4. d3 {[%emt 0:00:21]} d6 {[%emt 0:12:20]} 5. c3 {[%emt 0:00:52]} Nf6 {[%emt 0:07:44]} 6. a4 {[%emt 0:00:22]} a5 {[%emt 0:01:42] LiveBook: 38 Partien} 7. O-O {[%emt 0:01:39]} O-O {[%emt 0:03:11]} 8. Nbd2 {[%emt 0:00:39] C54: Giuoco Piano: 4 c3 Nf6, main lines with 5 d4 and 5 d3} (8. Bg5 Qe7 9. Nbd2 Be6 10. Qb3 Rab8 11. Rad1 h6 12. Bh4 Ba7 13. Bxe6 Qxe6 14. Bxf6 Qxb3 15. Nxb3 gxf6 {1-0 (45) Adams,M (2706)-McShane,L (2669) Hull 2018}) 8... Be6 {[%emt 0:09:54]} 9. Re1 {[%emt 0:07:52]} Qe7 {[%emt 0:04:05]} 10. Bxe6 {[%emt 0:03:40]} fxe6 $146 {[%emt 0:00:37]} ({Predecessor:} 10... Qxe6 11. Nf1 Ng4 12. d4 exd4 13. cxd4 Bb4 14. d5 Qg6 15. dxc6 Bxe1 16. Qxe1 bxc6 {1-0 (39) Rahulan,T (1760)-Gardiner,N (1255) Montevideo 2017}) 11. Nf1 {[%emt 0:00:42]} Nh5 {[%emt 0:09:57]} 12. Be3 {[%emt 0:01:48]} Bxe3 {[%emt 0:02:33]} 13. Rxe3 {[%emt 0:05:49]} Nf4 {[%emt 0:00:33]} 14. g3 {[%emt 0:01:44]} Nh3+ {[%emt 0:08:20]} 15. Kg2 {[%emt 0:01:25]} Ng5 {[%emt 0:00:08]} 16. Nxg5 {[%emt 0:00:45]} Qxg5 {[%emt 0:00:07]} 17. h4 {[%emt 0:01:50]} Qf6 {[%emt 0:01:24]} 18. Qe2 {[%emt 0:05:34]} Rf7 {[%emt 0:01:32]} 19. Nh2 {[%emt 0:00:28]} Raf8 {[%emt 0:02:13]} 20. Rf3 {[%emt 0:02:52]} Qg6 {[%emt 0:01:25]} 21. Rxf7 {[%emt 0:01:02]} Rxf7 {[%emt 0:01:20]} 22. Rh1 {[%emt 0:01:39]} h5 {[%emt 0:04:28]} 23. Nf3 {[%emt 0:01:06]} Rf8 {[%emt 0:03:19]} 24. Ng5 {[%emt 0:01:17]} Nd8 $16 {[%emt 0:04:26]} 25. Rc1 {[%emt 0:04:31]} Nf7 {[%emt 0:02:11]} 26. Nh3 {[%emt 0:00:27]} Qh6 {[%emt 0:01:08]} 27. Rb1 {[%emt 0:01:31]} Kh7 {[%emt 0:01:49]} 28. Rh1 {[%emt 0:03:55]} Qf6 {[%emt 0:00:35]} 29. Qxh5+ {[%emt 0:00:34]} Kg8 {[%emt 0:01:23]} 30. Qe2 {[%emt 0:03:07]} b6 {[%emt 0:00:42]} 31. Rf1 {[%emt 0:03:19]} Qh6 {[%emt 0:01:01]} 32. Rd1 {[%emt 0:05:25]} Qf6 {[%emt 0:01:58]} 33. Rf1 {[%emt 0:08:11]} Qh6 {[%emt 0:00:30]} 34. Qd1 {[%emt 0:00:27]} g6 {[%emt 0:01:14]} 35. Qg4 {[%emt 0:00:31]} Nd8 {[%emt 0:01:52]} 36. Ng5 {[%emt 0:00:48]} Rf6 {[%emt 0:00:34]} 37. Rd1 {[%emt 0:06:38]} Qh5 {[%emt 0:00:43]} 38. Qxh5 {[%emt 0:01:31]} gxh5 {[%emt 0:00:07]} 39. Rf1 {[%emt 0:01:43]} Nf7 {[%emt 0:00:18]} 40. f4 {[%emt 0:00:00]} Nxg5 {[%emt 0:00:00]} 41. fxg5 {[%emt 0:03:45]} Rxf1 {[%emt 0:03:40]} 42. Kxf1 {[%emt 0:00:02]} Kg7 {[%emt 0:00:23]} 43. Kg2 {[%emt 0:00:06]} c5 {[%emt 0:00:50]} 44. c4 {[%emt 0:00:20]} Kg6 {[%emt 0:00:14]} 45. Kf3 {[%emt 0:00:06]} 1-0

[Event "WYCC 2018 O14"]
[Site "Halkidiki"]
[Date "2018.10.24"]
[Round "6"]
[White "Tanriverdi, Enes"]
[Black "Antonica, Dragos-Andrei"]
[Result "1/2-1/2"]
[WhiteElo "2317"]
[BlackElo "2061"]
[Annotator "NA"]
[PlyCount "54"]
[EventDate "2018.10.20"]
[EventType "swiss"]
[EventCountry "GRE"]
[SourceTitle "playchess.com"]
[Source "ChessBase"]
[SourceQuality "1"]
[TimeControl "40/5400+30:1800+30"]

1. d4 {[%emt 0:00:00]} Nf6 {[%emt 0:00:00]} 2. c4 {[%emt 0:00:00]} e6 {[%emt 0:00:00]} 3. Nf3 {[%emt 0:00:00]} b6 {[%emt 0:00:17]} 4. g3 {[%emt 0:00:00]} Ba6 {[%emt 0:01:00]} 5. b3 {[%emt 0:00:00]} d5 {[%emt 0:00:31]} 6. Bg2 {[%emt 0:00:14]} dxc4 {[%emt 0:01:29]} 7. Ne5 {[%emt 0:05:59]} Bb4+ {[%emt 0:00:50]} 8. Kf1 {[%emt 0:11:49]} Bd6 {[%emt 0:03:01]} 9. Nxc4 {[%emt 0:13:32]} ({Reject} 9. Bxa8 Bxe5 10. e3 c5 $14) 9... Nd5 {[%emt 0:02:26] LiveBook: 60 Games} 10. e4 {[%emt 0:04:23]} Ne7 {[%emt 0:00:14] E15: Queen's Indian: 4 g3 sidelines, 4 g3 Ba6 and 4 g3 Bb7 early deviations} 11. Kg1 {[%emt 0:05:06]} Bxc4 {[%emt 0:15:11]} 12. bxc4 {[%emt 0:00:06]} Nbc6 {[%emt 0:00:44]} 13. Nc3 {[%emt 0:09:04]} e5 {[%emt 0:30:14]} 14. d5 {[%emt 0:01:15]} Na5 $146 {[%emt 0:05:10]} ({Predecessor:} 14... Nd4 15. f4 c5 16. Be3 f5 17. Qd3 O-O {0-1 (42) Vasilev,M (2487)-Kopasov,A (2190) Albena 2009}) 15. h4 {[%emt 0:04:53]} O-O {[%emt 0:00:40]} 16. Qd3 {[%emt 0:04:10]} f5 {[%emt 0:10:02]} 17. exf5 {[%emt 0:09:47]} Nxf5 {[%emt 0:00:07]} 18. Ne4 {[%emt 0:00:15]} Nb7 $16 {[%emt 0:01:54]} 19. Bh3 {[%emt 0:02:29]} Qd7 {[%emt 0:08:47]} 20. Be3 {[%emt 0:08:50]} h6 {[%emt 0:02:08]} 21. Kg2 {[%emt 0:02:20]} Qf7 {[%emt 0:00:34]} 22. Rhf1 {[%emt 0:07:28]} Nxh4+ {[%emt 0:02:37]} 23. Kh2 {[%emt 0:04:01]} Nf3+ {[%emt 0:01:20]} 24. Kg2 {[%emt 0:00:04]} Nh4+ {[%emt 0:04:13]} 25. Kh2 {[%emt 0:00:18]} Nf3+ {[%emt 0:07:00]} 26. Kh1 {[%emt 0:01:20]} Qh5 {[%emt 0:00:16]} 27. Kg2 {[%emt 0:00:05]} Nh4+ {[%emt 0:00:15]} 1/2-1/2

[Event "WYCC 2018 O14"]
[Site "Halkidiki"]
[Date "2018.10.24"]
[Round "6"]
[White "Nogerbek, Kazybek"]
[Black "Pogosyan, Stefan"]
[Result "1/2-1/2"]
[WhiteElo "2316"]
[BlackElo "2373"]
[Annotator "NA"]
[PlyCount "56"]
[EventDate "2018.10.20"]
[EventType "swiss"]
[EventCountry "GRE"]
[SourceTitle "playchess.com"]
[Source "ChessBase"]
[SourceQuality "1"]
[TimeControl "40/5400+30:1800+30"]

1. e4 {[%emt 0:00:00]} e5 {[%emt 0:00:00]} 2. Nf3 {[%emt 0:00:00]} Nc6 {[%emt 0:00:00]} 3. Bb5 {[%emt 0:00:14]} a6 {[%emt 0:00:00]} 4. Ba4 {[%emt 0:00:07]} Nf6 {[%emt 0:00:00]} 5. O-O {[%emt 0:00:10]} Be7 {[%emt 0:00:06]} 6. Re1 {[%emt 0:00:33]} b5 {[%emt 0:00:14]} 7. Bb3 {[%emt 0:00:08]} O-O {[%emt 0:00:12]} 8. h3 {[%emt 0:00:04]} Bb7 {[%emt 0:00:22]} 9. d3 {[%emt 0:10:04]} d6 {[%emt 0:01:09]} 10. c3 {[%emt 0:03:39]} Na5 {[%emt 0:00:14] LiveBook: 179 Games C92: Closed Ruy Lopez: 9...Be6, Karpov and Flohr-Zaitsev Variations} 11. Bc2 {[%emt 0:00:10]} c5 {[%emt 0:00:08]} 12. d4 {[%emt 0:05:16]} (12. Nbd2 Re8 13. Nf1 Qc7 14. Ne3 c4 15. d4 Nxe4 16. Nf5 Nf6 17. Bg5 Bd8 18. dxe5 dxe5 19. Nd6 Re6 20. Nxb7 Nxb7 21. a4 Rb8 22. axb5 axb5 {½-½ (63) Firouzja,A (2549)-Inarkiev,E (2684) Moscow 2018}) 12... cxd4 {[%emt 0:09:44]} 13. cxd4 {[%emt 0:00:07]} exd4 {[%emt 0:00:28]} 14. Nxd4 {[%emt 0:01:44]} Re8 {[%emt 0:00:07]} 15. Nd2 {[%emt 0:05:06]} Bf8 16. b3 {[%emt 0:02:12]} g6 {[%emt 0:06:57]} 17. Bb2 {[%emt 0:02:01]} Bg7 {[%emt 0:00:50]} 18. Rc1 {[%emt 0:10:10]} Qb6 {[%emt 0:11:49]} 19. Bb1 {[%emt 0:06:54] [#]} d5 $146 {[%emt 0:06:36]} ({Predecessor:} 19... Nd7 20. N2f3 {0-1 (50) Peng,D (2254)-Friedel,J (2528) Madison 2017}) 20. e5 {[%emt 0:04:21]} Ne4 {[%emt 0:00:55]} 21. Nxe4 {[%emt 0:07:30]} dxe4 {[%emt 0:00:13]} 22. Bxe4 {[%emt 0:00:17]} Bxe4 {[%emt 0:16:11]} 23. Rxe4 {[%emt 0:00:40]} Rxe5 {[%emt 0:00:06]} 24. Rxe5 {[%emt 0:05:17]} Bxe5 {[%emt 0:00:02]} 25. Qe1 {[%emt 0:00:28]} Bf6 $11 {[%emt 0:08:49]} 26. Bc3 {[%emt 0:02:12]} Bxd4 {[%emt 0:02:03]} 27. Bxd4 {[%emt 0:00:07]} Qxd4 {[%emt 0:00:07]} 28. Qxa5 {[%emt 0:00:03]} Qd6 {[%emt 0:00:47]} 1/2-1/2